Histoire des faits économiques et sociaux de 1800 à nos jours

Guardado en:
Detalles Bibliográficos
Autor principal: Philip, André (Autor)
Formato: Libro
Lenguaje:francés
Publicado: París Aubier 1963
Colección:Histoire du Travail et de la Vie Economique
Materias:
Etiquetas: Agregar Etiqueta
Sin Etiquetas, Sea el primero en etiquetar este registro!

MARC

LEADER 00000nam a2200000 a 4500
001 UCT8730
003 CL-VaPUC
008 970326e19630000FR |||||||||||||||||fre|d
082 0 4 |a 330.09  |b PHI  |2 21 
100 0 |a Philip, André  |e author  |9 380697 
245 1 0 |a Histoire des faits économiques et sociaux de 1800 à nos jours 
300 |a 607 p 
942 |c BK 
945 |d 19970326 00:00:00  |a paguirre 
260 |a París  |b Aubier  |c 1963 
650 0 |a Economía   |9 255568 
650 0 |a Historia  |9 255047 
650 0 |a Historia económica  |9 307218 
650 7 |a SOCIOLOGIA ECONOMICA  |2 CL-VaPUC  |9 341237 
650 0 |a Acuerdos económicos  |9 348030 
650 0 |a Capitalismo  |9 255255 
650 0 |a Mercado común   |9 378790 
651 0 |a Europa  |9 255156 
583 |a last modification  |c 19970326 00:00:00  |k Rodrigo Vera 
490 0 |a Histoire du Travail et de la Vie Economique 
999 |c 257216  |d 257214 
952 |0 0  |1 0  |4 0  |6 330_090000000000000_PHI_1963  |7 0  |8 A  |9 280497  |a BIBDER  |b BIBDER  |d 2019-11-19  |i 181589K  |o 330.09 PHI 1963  |p 181589K  |r 2023-01-25  |w 2019-11-19  |y BK  |k DER